Medal Table Summer Olympics - Handball - Statistics

General Stats
  • This quiz has been taken 63 times
    30 since last reset
  • The average score is 15 of 24
Answer Stats
Gold Silver Bronze Total Countries % Correct
5 1 1 7 Denmark
93%
4 3 1 8 France
93%
1 2 1 4 Germany
90%
3 2 3 8 Norway
90%
0 0 6 6 Spain
87%
0 4 0 4 Sweden
87%
0 0 1 1 Poland
83%
2 1 1 4 Russia
80%
0 1 0 1 Russian Olympic Committee
80%
2 0 1 3 Croatia
73%
4 1 1 6 Soviet Union
70%
3 1 1 6 Yugoslavia
63%
0 1 0 1 Austria
60%
0 1 0 1 Iceland
60%
0 0 1 1 Switzerland
57%
1 1 1 3 East Germany
50%
0 1 0 1 Montenegro
50%
0 1 3 4 Romania
50%
0 1 0 1 West Germany
50%
0 1 0 1 Czechoslovakia
43%
0 0 1 1 China
37%
2 4 1 7 South Korea
37%
0 0 1 1 Ukraine
33%
1 0 1 2 Unified Team
7%
No matching quizzes found
Score Distribution
Percent of People with Each Score
Percentile by Number Answered
Your Score History
You have not taken this quiz since the last reset